Normal view
MARC view
Entry Personal Name
001 - CONTROL NUMBER
- control field: 14363
003 - CONTROL NUMBER IDENTIFIER
- control field: OSt
005 - DATE AND TIME OF LATEST TRANSACTION
- control field: 20191207155743.0
008 - FIXED-LENGTH DATA ELEMENTS
- fixed length control field: 191207|| aca||aabn | a|a d
040 ## - CATALOGING SOURCE
- Original cataloging agency: OSt
- Transcribing agency: OSt
100 ## - HEADING--PERSONAL NAME
- Personal name: Greasley, Stephen
670 ## - SOURCE DATA FOUND
- Source citation: Work cat.: (OSt): Greasley, Stephen, Mutual dependence or state dominance?: Large private suppliers and the British state 2010-15
